古诗词中的地点#3 The city/pefecture region based on the poem #3 - Statistics

General Stats
  • This quiz has been taken 67 times
  • The average score is 11 of 18
Answer Stats
诗句 作者 地点 % Correct
驿寄梅花,鱼传尺素。砌成此恨无重数。郴江幸自绕郴山,为谁流下潇湘去。 秦观 郴州
93%
淮左名都,竹西佳处,解鞍少驻初程。过春风十里,尽荠麦青青。 姜夔 扬州
87%
吴宫花草埋幽径,晋代衣冠成古丘。三山半落青天外,二水中分白鹭洲。 李白 南京
82%
天姥连天向天横,势拔五岳掩赤城。天台四万八千丈,对此欲倒东南倾。 李白 绍兴/台州
82%
金阙前开二峰长,银河倒挂三石梁,香炉瀑布遥相望,回崖沓嶂凌苍苍。 李白 九江
79%
树木丛生,百草丰茂。秋风萧瑟,洪波涌起。 曹操 秦皇岛
77%
烟柳画桥,风帘翠幕,参差十万人家。云树绕堤沙,怒涛卷霜雪,天堑无涯。 柳永 杭州
77%
春风又绿江南岸,明月何时照我还。 王安石 镇江
74%
春城无处不飞花,寒食东风御柳斜。日暮汉宫传蜡烛,轻烟散入五侯家。 韩愈 西安
70%
两个黄鹂鸣翠柳,一行白鹭上青天。窗含西岭千秋雪,门泊东吴万里船。 杜甫 成都
70%
西风吹老洞庭波,一夜湘君白发多。醉后不知天在水,满船清梦压星河。 唐温如 常德
51%
翠华摇摇行复止,西出都门百余里。六军不发无奈何,宛转蛾眉马前死。 白居易 咸阳
44%
郁孤台下清江水,中间多少行人泪。西北望长安,可怜无数山。 辛弃疾 赣州
43%
沅水通波接武冈,送君不觉有离伤。青山一道同云雨,明月何曾是两乡。 王昌龄 怀化/邵阳
43%
山下兰芽短浸溪,松间沙路净无泥,萧萧暮雨子规啼。 苏轼 黄冈
41%
人烟寒橘柚,秋色老梧桐。谁念北楼上,临风怀谢公。 李白 宣城
39%
天门中断楚江开,碧水东流至此回。两岸青山相对出,孤帆一片日边来。 李白 芜湖/马鞍山
38%
参横斗转欲三更,苦雨终风也解晴。云散月明谁点缀?天容海色本澄清。 苏轼 湛江/海口
26%
No matching quizzes found
Score Distribution
Percent of People with Each Score
Percentile by Number Answered
Your Score History
You have not taken this quiz